El desarme y la sociedad de naciones

محفوظ في:
التفاصيل البيبلوغرافية
المؤلف الرئيسي: Izaga, Luis (مؤلف)
التنسيق: كتاب
اللغة:الإسبانية
منشور في: Madrid Razon y Fe 1932
الموضوعات:
الوسوم: إضافة وسم
لا توجد وسوم, كن أول من يضع وسما على هذه التسجيلة!

MARC

LEADER 00000nam a2200000 a 4500
001 UCX7249
003 CL-VaPUC
008 931202e19320000SP |||||||||||||||||spa|d
082 0 4 |a 241.624  |b IZA  |2 21 
100 |a Izaga, Luis  |e author  |9 381055 
245 1 3 |a El desarme y la sociedad de naciones 
300 |a 232 p 
942 |c BK 
945 |d 19931202 00:00:00  |a mfernand 
260 |a Madrid  |b Razon y Fe  |c 1932 
650 7 |a DESARME ASPECTOS RELIGIOSOS  |2 CL-VaPUC  |9 324061 
583 |a last modification  |c 19931202 00:00:00  |k Rodrigo Vera 
999 |c 227120  |d 227118 
952 |0 0  |1 0  |4 0  |6 241_624000000000000_IZA_1932  |7 0  |8 X  |9 225915  |a BIBHIS  |b BIBHIS  |d 2019-11-15  |i 2952602  |o 241.624 IZA 1932  |p 2952602  |r 2024-01-30  |w 2019-11-15  |y BK_X  |k HIS